000 01288nam a2200349Ic 4500
001 58487
003 CO-BoRNBP
005 20250822224037.0
007 ta
008 180815s9999 xx 000 0 und d
020 _a9788449323164
040 _aCO-BoRNBP
_bspa
_erda
_cCO-BoRNBP
041 _aspa
082 0 _a303.4 T68m
100 _aTouraine, Alain
_eaut
_926199
245 1 3 _aLa mirada social :
_bun marco de pensamiento distinto para el siglo XXI /
_cAlain Touraine ; traducción de María José Furió Sancho.
250 _a1a. edición
264 1 _aBarcelona, España :
_bPaidós,
_c[Fecha de publicación no identificada]
300 _a263 páginas
336 _atexto
_btxt
_2rdacontent
337 _asin mediación
_bn
_2rdamedia
338 _avolumen
_bnc
_2rdacarrier
490 0 _aEstado y sociedad ; 171
500 _aIncluye índice analítico y de nombres \ Incluye bibliografía en páginas 249-260 \ Recomendado para público adulto \ Título original: Penser autrement
650 0 7 _aHistoria Social - Siglo XXI
_2lemb
_963327
650 0 7 _aReforma educativa
_2lemb
_963328
650 0 7 _aVida cotidiana
_vCuentos
_2LEMB
_91840
651 7 _aSociologia
_963329
655 _aCuentos
_943875
700 1 _aFurió Sancho, María José
_963330
942 _cBK
_2ddc
999 _c58487
_d58487